Pahorek z písku /

Hlavní autor: Rigby, Ray, 1917-1995
Další autoři: Vrba, František, 1920-1985
Jazyk: Čeština
Vydáno: [Praha] : BB art, [2000]
Témata:
Fyzický popis: 305 s. ; 18 cm
Knihy
Uloženo v:
LEADER 00844nam a2200265 a 4500
001 000544920
003 CZ BrMZK
005 20000115143423.0
007 ta
008 000115s2000 xr cze d
015 |a cnb000983173 
020 |a 80-7257-267-9 
035 |a (OCoLC)46963145 
040 |a BOA001  |b cze 
080 |a 820-31=850  |2 MRF 
100 1 |a Rigby, Ray,  |d 1917-1995  |7 jn20010310112 
245 1 0 |a Pahorek z písku /  |c Ray Rigby ; [z angličtiny] přeložil František Vrba. 
260 |a [Praha] :  |b BB art,  |c [2000] 
300 |a 305 s. ;  |c 18 cm 
655 7 |a anglické romány  |7 fd131814  |2 czenas 
700 1 |a Vrba, František,  |d 1920-1985  |7 jk01150960 
765 0 |t Hill of sand 
910 |a BOA001  |b 1-1080.499 
990 |a BK 
996 6 |b 2610126932  |c 1-1080.499  |l MZK  |r Sklad / do 1 hodiny  |n 1  |p p.v.  |w 000544920  |u 000010  |a 1  |e BOA001  |j MZK50  |s P